Street art cookbook /

Bibliographic Details
Main Author: Carlsson, Benke
Other Authors: Louie, Hop
Format: Book
Language:English
Published: Årsta, Sweden : Dokument Press, 2010.
Subjects:

MARC

Tag First Indicator Second Indicator Subfields
LEADER 00000cam a2200000 a 4500
001 in00002575162
005 20151201152221.0
008 091209s2010 sw a 000 0 eng
020 |a 9789185639304 
020 |a 9185639303 
035 |a (OCoLC)ocn449891667 
040 |a UKM  |c UKM  |d YDX  |d JRS  |d CPL  |d UtOrBLW 
041 1 |a eng  |h swe 
049 |a TXAM 
050 4 |a N7430  |b .C335 2010 
082 0 |a 751.73  |2 22 
100 1 |a Carlsson, Benke. 
245 1 0 |a Street art cookbook /  |c [Benke Carlsson, Hop Louie]. 
264 1 |a Årsta, Sweden :  |b Dokument Press,  |c 2010. 
300 |a 141 pages :  |b color illustrations ;  |c 24 cm. 
336 |a text  |b txt  |2 rdacontent 
337 |a unmediated  |b n  |2 rdamedia 
338 |a volume  |b nc  |2 rdacarrier 
500 |a "A guide to techniques and materials"--Cover. 
505 0 |a Posters -- Adbusting -- Spray paint stencils -- Screen printing -- Stickers -- Freehand -- Installations -- Guerilla gardening. 
650 0 |a Street art  |x Technique. 
650 0 |a Artists' materials. 
650 0 |a Artists  |v Interviews. 
700 1 |a Louie, Hop. 
945 |a PromptCat  |b 19903 
946 |a stk 
947 |a A14840233658 
948 |a cataloged  |b h  |c 2010/7/13  |d c  |e dmitchel  |f 1:44:28 pm 
994 |a 92  |b TXA 
999 |a MARS 
999 f f |s 48e595cb-f334-3669-bf00-13aedb7c2064  |i 303826c1-78b6-3ed5-ae2c-a2384147e6e1  |t 0 
952 f f |p normal  |a Texas A&M University  |b College Station  |c Sterling C. Evans Library  |d Evans: Library Stacks  |t 0  |e N7430 .C335 2010  |h Library of Congress classification  |i unmediated -- volume  |m A14840233658 
998 f f |a N7430 .C335 2010  |t 0  |l Evans: Library Stacks